[Event "GBR-ch 97th"]
[Site "Canterbury"]
[Date "2010.08.03"]
[Round "8"]
[White "McMichael, Richard"]
[Black "Jones, Victor GL"]
[Result "1-0"]
[WhiteElo "2287"]
[BlackElo "2105"]
[PlyCount "79"]
[EventDate "2010.07.26"]
[EventType "swiss"]
[EventRounds "11"]
[EventCountry "ENG"]
[SourceTitle "CBM 137 Extra"]
[Source "ChessBase"]
[SourceDate "2010.09.01"]
[SourceVersion "1"]
[SourceVersionDate "2010.09.01"]
[SourceQuality "1"]

1. Nf3 g6 2. d4 Nf6 3. e3 Bg7 4. Be2 0-0 5. b3 c5 6. Bb2 d5 7. 0-0 cxd4 8. exd4 Nc6 9. Nbd2 Bf5 10. Nh4 Bd7 11. a3 Ne4 12. Nhf3 Qb6 13. Ne5 Nxe5 14. dxe5 Nxd2 15. Qxd2 Bb5 16. Bd4 Qc6 17. Bxb5 Qxb5 18. f4 e6 19. Rae1 Rfe8 20. Rf3 Bf8 21. a4 Qc6 22. Kh1 Rac8 23. Re2 Bc5 24. Bb2 d4 25. Rh3 h5 26. Rd3 Qb6 27. Qd1 Red8 28. h3 Rd5 29. g4 hxg4 30. hxg4 Kg7 31. Rh2 Rdd8 32. f5 Qc6+ 33. Kg1 Qe4 34. f6+ Kg8 35. b4 Qe3+ 36. Kh1 Qe4+ 37. Kg1 Qe3+ 38. Kg2 Qe4+ 39. Qf3 Qxf3+ 40. Kxf3 1-0

[Event "GBR-ch 97th"]
[Site "Canterbury"]
[Date "2010.07.29"]
[Round "4"]
[White "Jones, Victor GL"]
[Black "Krzyzanowski, Patryk"]
[Result "1-0"]
[WhiteElo "2105"]
[BlackElo "2030"]
[PlyCount "105"]
[EventDate "2010.07.26"]
[EventType "swiss"]
[EventRounds "11"]
[EventCountry "ENG"]
[SourceTitle "CBM 137 Extra"]
[Source "ChessBase"]
[SourceDate "2010.09.01"]
[SourceVersion "1"]
[SourceVersionDate "2010.09.01"]
[SourceQuality "1"]

1. e4 c5 2. Nf3 g6 3. d4 cxd4 4. Qxd4 Nf6 5. e5 Nc6 6. Qa4 Ng8 7. Nc3 Bg7 8. Bf4 Nh6 9. 0-0-0 Ng4 10. Re1 Qa5 11. Qxa5 Nxa5 12. Nd5 Kf8 13. h3 Nh6 14. e6 d6 15. exf7 e5 16. Bg5 Nc6 17. Bb5 Nxf7 18. Bd2 Bd7 19. Ng5 Rc8 20. f4 Bf5 21. g4 Bd7 22. Nxf7 Kxf7 23. Rhf1 e4 24. f5 gxf5 25. gxf5 Rhe8 26. f6 Bf8 27. Ne7 Bxh3 28. Nxc8 Bxf1 29. Rxf1 Rxc8 30. Bc4+ Kg6 31. Bc3 Ne5 32. Bd5 e3 33. Bxb7 Rc4 34. Bd5 Rg4 35. Kd1 Rg5 36. Be4+ Kf7 37. Ke2 Rg3 38. Bxh7 Bh6 39. Be4 Rh3 40. Bd5+ Kg6 41. f7 Rh2+ 42. Ke1 Bf8 43. Bd4 Kg7 44. Bb3 e2 45. Rf2 Rxf2 46. Kxf2 e1Q+ 47. Kxe1 a6 48. Kd2 Kg6 49. Bxe5 dxe5 50. Kd3 Kf5 51. Bd5 Kf4 52. c3 a5 53. a3 1-0

[Event "GBR-ch 97th"]
[Site "Canterbury"]
[Date "2010.07.27"]
[Round "2"]
[White "Hawkins, Jonathan J"]
[Black "Jones, Victor GL"]
[Result "1-0"]
[WhiteElo "2423"]
[BlackElo "2105"]
[PlyCount "83"]
[EventDate "2010.07.26"]
[EventType "swiss"]
[EventRounds "11"]
[EventCountry "ENG"]
[SourceTitle "CBM 137 Extra"]
[Source "ChessBase"]
[SourceDate "2010.09.01"]
[SourceVersion "1"]
[SourceVersionDate "2010.09.01"]
[SourceQuality "1"]

1. e4 e6 2. d4 d5 3. Nd2 Nf6 4. e5 Nfd7 5. Bd3 c5 6. c3 Nc6 7. Ngf3 b6 8. 0-0 Be7 9. Re1 Qc7 10. Nf1 a5 11. Bg5 Ba6 12. Bxe7 Nxe7 13. Ne3 Bxd3 14. Qxd3 Rc8 15. h4 h6 16. h5 a4 17. Nh4 a3 18. bxa3 cxd4 19. cxd4 Qc3 20. Rad1 Qxd3 21. Rxd3 0-0 22. f4 Rc7 23. f5 Rfc8 24. Rb1 Rc1+ 25. Rxc1 Rxc1+ 26. Kh2 Kf8 27. g4 Re1 28. Nhg2 Re2 29. Kg3 Rxa2 30. Nf4 exf5 31. gxf5 Ra1 32. Nfxd5 Rc1 33. Nxe7 Kxe7 34. Nd5+ Ke8 35. Rc3 Rxc3+ 36. Nxc3 Nb8 37. Kf4 Kd7 38. Nd5 Kc6 39. f6 gxf6 40. Nxf6 b5 41. Ke4 Na6 42. Ng8 1-0

[Event "BCF-chT3 0910 (4NCL)"]
[Site "England"]
[Date "2010.05.01"]
[Round "9.2"]
[White "Jones, Victor GL"]
[Black "Jones, Richard S"]
[Result "0-1"]
[WhiteElo "2073"]
[BlackElo "2332"]
[PlyCount "82"]
[EventDate "2009.10.24"]
[EventType "team-tourn"]
[EventRounds "11"]
[EventCountry "ENG"]
[SourceTitle "EXT 2011"]
[Source "ChessBase"]
[SourceDate "2010.11.26"]
[SourceVersion "1"]
[SourceVersionDate "2010.11.26"]
[SourceQuality "1"]
[WhiteTeam "KJCA Kings"]
[BlackTeam "Rhyfelwyr Essyllwg"]
[WhiteTeamCountry "ENG"]
[BlackTeamCountry "ENG"]

1. e4 c5 2. Nf3 Nc6 3. d4 cxd4 4. Nxd4 e6 5. Nc3 Qc7 6. Be3 a6 7. Qd2 Nf6 8. 0-0-0 Be7 9. f3 h5 10. Be2 b5 11. a3 Bb7 12. Nb3 Ne5 13. Bf4 Rc8 14. Kb1 d6 15. Nd4 Nc4 16. Bxc4 bxc4 17. Nde2 Rd8 18. Qe3 Nd7 19. Rd2 Qb6 20. Qxb6 Nxb6 21. Rhd1 Nc8 22. Be3 0-0 23. Rd4 Nb6 24. R4d2 Nc8 25. a4 Rd7 26. f4 Re8 27. f5 exf5 28. exf5 Bf6 29. Bf4 Bxg2 30. Ng3 Bf3 31. Rf1 Bg4 32. Nd5 Be5 33. f6 g6 34. Rg1 Kh7 35. h3 Bf3 36. Bxe5 dxe5 37. Rf2 Bxd5 38. Nxh5 gxh5 39. Rf5 Kh6 40. Rgg5 Bf3 41. h4 e4 0-1

[Event "BCF-chT3 0910 (4NCL)"]
[Site "England"]
[Date "2010.02.21"]
[Round "6.2"]
[White "Longson, Alexander"]
[Black "Jones, Victor GL"]
[Result "1-0"]
[WhiteElo "2249"]
[BlackElo "2073"]
[PlyCount "83"]
[EventDate "2009.10.24"]
[EventType "team-tourn"]
[EventRounds "11"]
[EventCountry "ENG"]
[SourceTitle "EXT 2011"]
[Source "ChessBase"]
[SourceDate "2010.11.26"]
[SourceVersion "1"]
[SourceVersionDate "2010.11.26"]
[SourceQuality "1"]
[WhiteTeam "3Cs"]
[BlackTeam "KJCA Kings"]
[WhiteTeamCountry "ENG"]
[BlackTeamCountry "ENG"]

1. e4 e6 2. d4 d5 3. Nc3 Bb4 4. e5 c5 5. a3 Bxc3+ 6. bxc3 Ne7 7. Qg4 Qc7 8. Qxg7 Rg8 9. Qxh7 cxd4 10. Ne2 Nbc6 11. f4 Bd7 12. Qd3 dxc3 13. Qxc3 Nf5 14. Rb1 d4 15. Qd3 0-0-0 16. Rg1 Na5 17. g4 Ba4 18. gxf5 Bxc2 19. Qb5 Rxg1 20. Nxg1 Bxb1 21. Bd2 Bxf5 22. Qxa5 Qc6 23. Qxa7 Be4 24. Qa5 Rd5 25. Qa8+ Kd7 26. Ne2 d3 27. Nc3 Rc5 28. Qa7 Ke7 29. Nd1 Rc2 30. Qd4 Bf5 31. Ne3 Rc1+ 32. Bxc1 Qxc1+ 33. Nd1 Qc2 34. Qd6+ Ke8 35. Qb8+ Ke7 36. Qd6+ Ke8 37. Qb8+ Ke7 38. Qxb7+ Kf8 39. Qb4+ Kg7 40. Qd2 Qb3 41. Nb2 Qd5 42. Qg2+ 1-0

[Event "BCF-chT3 0910 (4NCL)"]
[Site "England"]
[Date "2009.10.25"]
[Round "2.2"]
[White "Williamson, Kevin J"]
[Black "Jones, Victor GL"]
[Result "1/2-1/2"]
[WhiteElo "2045"]
[BlackElo "2062"]
[PlyCount "52"]
[EventDate "2009.10.24"]
[EventType "team-tourn"]
[EventRounds "11"]
[EventCountry "ENG"]
[SourceTitle "EXT 2011"]
[Source "ChessBase"]
[SourceDate "2010.11.26"]
[SourceVersion "1"]
[SourceVersionDate "2010.11.26"]
[SourceQuality "1"]
[WhiteTeam "FCA Solutions II"]
[BlackTeam "KJCA Kings"]
[WhiteTeamCountry "ENG"]
[BlackTeamCountry "ENG"]

1. Nc3 e6 2. Nf3 c5 3. d4 cxd4 4. Nxd4 a6 5. Bf4 d6 6. Bg3 Nf6 7. e3 Be7 8. Bd3 0-0 9. 0-0 b5 10. Qf3 Ra7 11. Ne4 Bb7 12. Nxf6+ Bxf6 13. Be4 d5 14. Bd3 e5 15. Bxe5 Bxe5 16. Qf5 Re8 17. Qxh7+ Kf8 18. Nf5 g6 19. Qh6+ Kg8 20. f4 Bxb2 21. Rf3 Bxa1 22. Rh3 Qf6 23. Qh7+ Kf8 24. Qh6+ Kg8 25. Qh7+ Kf8 26. Qh6+ Kg8 1/2-1/2

[Event "GBR-ch 96th"]
[Site "Torquay"]
[Date "2009.08.04"]
[Round "8"]
[White "Anderson, John"]
[Black "Jones, Victor GL"]
[Result "0-1"]
[WhiteElo "2248"]
[BlackElo "2076"]
[PlyCount "76"]
[EventDate "2009.07.27"]
[EventType "swiss"]
[EventRounds "11"]
[EventCountry "ENG"]
[SourceTitle "CBM 131 Extra"]
[Source "ChessBase"]
[SourceDate "2009.09.03"]
[SourceVersion "2"]
[SourceVersionDate "2009.09.16"]
[SourceQuality "1"]

1. d4 Nf6 2. c4 c5 3. d5 e6 4. Nc3 exd5 5. cxd5 d6 6. e4 g6 7. f4 Bg7 8. Nf3 0-0 9. Be2 Re8 10. e5 dxe5 11. fxe5 Ng4 12. e6 fxe6 13. d6 Ne5 14. 0-0 Nbc6 15. Ng5 Nd4 16. Nge4 Bd7 17. Bg5 Qb6 18. Qd2 Rf8 19. Be7 Rf5 20. Ng3 Rxf1+ 21. Rxf1 Bc6 22. Kh1 Qb4 23. a3 Qb3 24. Bd1 Qc4 25. Qf2 Qd3 26. Be2 Qd2 27. Bd1 Qxf2 28. Rxf2 Bf8 29. Nge4 b6 30. Bf6 Nc4 31. Bg4 Nf5 32. Ng5 Nce3 33. Bf3 Bxf3 34. Rxf3 Bxd6 35. Nce4 Bf8 36. Bc3 Nd5 37. Be5 h6 38. Nh3 Bg7 0-1

[Event "GBR-ch 96th"]
[Site "Torquay"]
[Date "2009.08.03"]
[Round "7"]
[White "Jones, Victor GL"]
[Black "Raoof, Adam"]
[Result "0-1"]
[WhiteElo "2076"]
[BlackElo "2144"]
[PlyCount "94"]
[EventDate "2009.07.27"]
[EventType "swiss"]
[EventRounds "11"]
[EventCountry "ENG"]
[SourceTitle "CBM 131 Extra"]
[Source "ChessBase"]
[SourceDate "2009.09.03"]
[SourceVersion "2"]
[SourceVersionDate "2009.09.16"]
[SourceQuality "1"]

1. e4 e6 2. d4 d5 3. Nc3 Bb4 4. e5 c5 5. a3 Bxc3+ 6. bxc3 Qa5 7. Bd2 Qa4 8. Qb1 c4 9. h4 Nc6 10. h5 h6 11. g3 Bd7 12. Ne2 Nge7 13. Bh3 0-0-0 14. Nf4 Kb8 15. 0-0 Ka8 16. Kh2 Rb8 17. Ng2 Qa5 18. Qd1 Rbg8 19. f4 g6 20. hxg6 fxg6 21. Ne3 h5 22. g4 hxg4 23. Nxg4 Nf5 24. Nf6 Qd8 25. Rg1 Rg7 26. Rg5 Nce7 27. Qe2 Ba4 28. Ra2 Ng8 29. Ng4 Qb6 30. Qd1 Rgh7 31. Nf2 Nge7 32. Kg2 Nh4+ 33. Kg1 Nf3+ 34. Qxf3 Qb1+ 35. Kg2 Qxa2 36. Bxe6 Qxc2 37. Be3 Nf5 38. Bxf5 gxf5 39. Qg3 Rh2+ 40. Qxh2 Rxh2+ 41. Kxh2 a6 42. e6 Qxc3 43. Rg3 Qe1 44. e7 Ka7 45. Nh3 c3 46. Nf2 c2 47. Nd3 Qe2+ 0-1

[Event "GBR-ch 96th"]
[Site "Torquay"]
[Date "2009.07.28"]
[Round "2"]
[White "Jones, Victor GL"]
[Black "Warman, Simon M"]
[Result "0-1"]
[WhiteElo "2076"]
[BlackElo "2156"]
[PlyCount "72"]
[EventDate "2009.07.27"]
[EventType "swiss"]
[EventRounds "11"]
[EventCountry "ENG"]
[SourceTitle "CBM 131 Extra"]
[Source "ChessBase"]
[SourceDate "2009.09.03"]
[SourceVersion "2"]
[SourceVersionDate "2009.09.16"]
[SourceQuality "1"]

1. e4 c5 2. Nf3 e6 3. d4 cxd4 4. Nxd4 a6 5. Bd3 Nf6 6. 0-0 Qc7 7. Qe2 Bd6 8. Kh1 h5 9. f4 Ng4 10. Nc3 Bc5 11. Nb3 Ba7 12. e5 d6 13. Ne4 dxe5 14. fxe5 Nxe5 15. Bf4 Nbc6 16. Ng5 Qe7 17. Be4 Bd7 18. Bxc6 Nxc6 19. Ne4 e5 20. Bg5 f6 21. Rxf6 Bg4 22. Qd3 gxf6 23. Nxf6+ Kf7 24. Rf1 Kg7 25. Nxh5+ Rxh5 26. Bxe7 Nxe7 27. Qd6 Nf5 28. Qxe5+ Kg6 29. Nd2 Rf8 30. Qe6+ Kg7 31. Qe5+ Kg6 32. Qe6+ Kh7 33. Qd7+ Kh8 34. Qc7 Bb8 35. Qc3+ Kh7 36. Nf3 Ng3+ 0-1